| 000 | 00959nam a22002177a 4500 | ||
|---|---|---|---|
| 999 |
_c6868 _d6868 |
||
| 003 | AR-CdUCM | ||
| 008 | 190319b ||||| |||| 00| 0 spa d | ||
| 040 |
_aMUNICIPALIDAD PROVINCIAL DEL CUSCO _cBIBLIOTECA MUNICIPAL DEL CUSCO |
||
| 082 |
_a631.3717 / _bM22 |
||
| 100 |
_aManso de Zuñiga Díaz, L. _919351 |
||
| 245 |
_aElectrificación agrícola : _belectrotecnia general y sus aplicaciones en agricultura / |
||
| 260 |
_aBarcelona : _bSalvat, _c1953. |
||
| 300 |
_aXIX, 503 páginas ; _bilustraciones, diagramas, planos, figuras, _c23 cm. |
||
| 440 |
_aColección Agrícola Salvat. _919352 |
||
| 505 | _aContenido: Nociones fundamentales de electricidad -- Electromagnetismo -- Unidades -- Medición de magnitud eléctricas y magnéticas -- Máquinas dínamoeléctricas ... | ||
| 650 |
_aIngeniería agronómica _919353 |
||
| 650 |
_aElectricidad en agricultura _919354 |
||
| 650 |
_aElectricidad agrícola _919355 |
||
| 942 |
_2ddc _cLIBROS |
||
| 945 | _aachl | ||